| 000 | 00475nam a2200193Ia 4500 | ||
|---|---|---|---|
| 003 | 0100 | ||
| 008 | 130303s9999 xx 000 0 und d | ||
| 040 | _cARRUPELIB | ||
| 050 | _aJC578.B39 1992 | ||
| 100 | _aBaynes, Kenneth | ||
| 245 | 4 | _aThe normative grounds of social criticism | |
| 245 | _bKant, Rawls, and Habermas | ||
| 260 | _aAlbany NY | ||
| 260 | _bState Univ. of NY Pr. | ||
| 260 | _C1992 | ||
| 300 | _a242p | ||
| 650 | _bKnowledge, Theory of | ||
| 942 | 0 | 0 | _01 |
| 999 |
_c19688 _d19688 |
||